[Event "DVM U14 2019"]
[Site "Magdeburg GER"]
[Date "2019.12.28"]
[Round "4"]
[White "Gallasch, Jonas"]
[Black "Halabi, Ibrahim"]
[Result "1-0"]
[Termination "normal"]
[Board "4.1"]
[WhiteElo "2107"]
[BlackElo "1918"]
[WhiteTeam "Schachgemeinschaft Porz e. V."]
[BlackTeam "SK Frankenthal"]
[PlyCount "87"]
[WhiteFideId "16222474"]
[BlackFideId "16241754"]
[EventCountry "GER"]
[EventRounds "7"]
[EventType "team-swiss"]
[EventDate "2019.12.26"]

1. d4 d5 2. c4 c6 3. cxd5 cxd5 4. Nc3 Nf6 5. Bf4 Nc6 6. Nf3 a6 7. Rc1 Bg4 8. e3
e6 9. Qb3 Ra7 10. Be2 Be7 11. O-O O-O 12. Na4 Ne4 13. Rfd1 g5 14. Bg3 h5 15. h3
Bf5 16. Qb6 Nxg3 17. fxg3 Qxb6 18. Nxb6 f6 19. Ne1 Bg6 20. Nd3 Bd6 21. g4 Bxd3
22. Bxd3 hxg4 23. hxg4 Rd8 24. Kf2 Bc7 25. Na4 Rd6 26. Rh1 b5 27. Nc5 Bb6 28.
Rh6 Bxc5 29. dxc5 Ne5 30. Be2 Rdd7 31. Rch1 Rh7 32. Rxh7 Rxh7 33. Rxh7 Kxh7 34.
a4 bxa4 35. Bxa6 Kg7 36. Bb5 Kf8 37. c6 Nf7 38. c7 Nd6 39. Ba6 Ke7 40. c8=Q
Nxc8 41. Bxc8 Kd6 42. Ke2 e5 43. Kd3 Kc5 44. Kc3 1-0

[Event "DVM U14 2019"]
[Site "Magdeburg GER"]
[Date "2019.12.28"]
[Round "4"]
[White "Schreidl, Michael"]
[Black "Sabirov, Rafael"]
[Result "1/2-1/2"]
[Termination "normal"]
[Board "4.2"]
[WhiteElo "1632"]
[BlackElo "1668"]
[WhiteTeam "SK Frankenthal"]
[BlackTeam "Schachgemeinschaft Porz e. V."]
[PlyCount "68"]
[WhiteFideId "16265750"]
[BlackFideId "16241185"]
[EventCountry "GER"]
[EventRounds "7"]
[EventType "team-swiss"]
[EventDate "2019.12.26"]

1. e4 c5 2. Nf3 e6 3. d4 cxd4 4. Nxd4 a6 5. Bd3 Qc7 6. Nc3 Nc6 7. Be3 Nf6 8.
Qe2 b5 9. a3 Bb7 10. O-O Nxd4 11. Bxd4 Bc5 12. Bxc5 Qxc5 13. Rad1 d5 14. exd5
Nxd5 15. Ne4 Qe7 16. f4 O-O 17. b4 h6 18. Rde1 Qc7 19. Qf2 Qb6 20. Nc5 Bc8 21.
f5 exf5 22. Bxf5 Bxf5 23. Qxf5 Nf6 24. Kh1 Qc6 25. Rd1 Rad8 26. h3 Rd6 27. Rxd6
Qxd6 28. Ne4 Nxe4 29. Qxe4 Qc7 30. Qf5 Qc3 31. Rf3 Qd2 32. Kg1 Qd4+ 33. Kh2
Qd6+ 34. Kg1 Qd4+ 1/2-1/2

[Event "DVM U14 2019"]
[Site "Magdeburg GER"]
[Date "2019.12.28"]
[Round "4"]
[White "Kogan, Gabriel"]
[Black "Yergin, Danyar"]
[Result "1-0"]
[Termination "normal"]
[Board "4.3"]
[WhiteElo "1527"]
[BlackElo "1428"]
[WhiteTeam "Schachgemeinschaft Porz e. V."]
[BlackTeam "SK Frankenthal"]
[PlyCount "95"]
[WhiteFideId "16238265"]
[BlackFideId "16243722"]
[EventCountry "GER"]
[EventRounds "7"]
[EventType "team-swiss"]
[EventDate "2019.12.26"]

1. e4 c6 2. d4 d5 3. exd5 cxd5 4. Bd3 Nc6 5. c3 Nf6 6. Bf4 Qb6 7. Qc2 Bg4 8.
Nd2 Rc8 9. Ngf3 e6 10. O-O g6 11. h3 Bxf3 12. Nxf3 Bg7 13. Qd2 h6 14. Rab1 Ne4
15. Bxe4 dxe4 16. Ne5 Rd8 17. Qe2 Nxe5 18. Bxe5 Bxe5 19. dxe5 Qc6 20. Rfe1 O-O
21. Qxe4 Qxe4 22. Rxe4 Rd2 23. Rd4 Re2 24. f4 g5 25. Kf1 Rc2 26. a4 gxf4 27.
Rxf4 Rd2 28. b4 Rd3 29. c4 Rc3 30. Rd4 Rc8 31. c5 a5 32. bxa5 R3xc5 33. Rb5
Rxb5 34. axb5 Rc5 35. Rb4 Rxe5 36. a6 bxa6 37. b6 a5 38. Rb2 Rh5 39. Kg1 Rd5
40. b7 Rd8 41. b8=Q Rxb8 42. Rxb8+ Kg7 43. Ra8 e5 44. Rxa5 f6 45. Kf2 h5 46.
Kf3 Kg6 47. g4 Kg5 48. Ra8 1-0

[Event "DVM U14 2019"]
[Site "Magdeburg GER"]
[Date "2019.12.28"]
[Round "4"]
[White "Morgenthaler, Nick"]
[Black "Laudwein, Jakob"]
[Result "1-0"]
[Termination "normal"]
[Board "4.4"]
[WhiteElo "1391"]
[BlackElo "1612"]
[WhiteTeam "SK Frankenthal"]
[BlackTeam "Schachgemeinschaft Porz e. V."]
[PlyCount "39"]
[WhiteFideId "16286138"]
[BlackFideId "16258487"]
[EventCountry "GER"]
[EventRounds "7"]
[EventType "team-swiss"]
[EventDate "2019.12.26"]

1. d4 d5 2. c4 e6 3. Nc3 Nf6 4. Bg5 Be7 5. Nf3 O-O 6. e3 h6 7. Bh4 b6 8. Rc1
Bb7 9. Qc2 Nbd7 10. Bd3 dxc4 11. Bxc4 c5 12. Qd2 cxd4 13. Nxd4 Bxg2 14. Rg1 Bb7
15. e4 Nxe4 16. Qxh6 Bf6 17. Bd3 Ndc5 18. Nxe4 Nxe4 19. Bxe4 g6 20. Bxf6 1-0

[Event "DVM U14 2019"]
[Site "Magdeburg GER"]
[Date "2019.12.28"]
[Round "4"]
[White "Yin, Haode"]
[Black "Gutewort, Paul Emil"]
[Result "1/2-1/2"]
[Termination "normal"]
[Board "5.1"]
[WhiteElo "1747"]
[BlackElo "1714"]
[WhiteTeam "SchachAkademiePaderborn e. V."]
[BlackTeam "Schachfreunde Nordost Berlin"]
[PlyCount "66"]
[WhiteFideId "16261348"]
[BlackFideId "16204182"]
[EventCountry "GER"]
[EventRounds "7"]
[EventType "team-swiss"]
[EventDate "2019.12.26"]

1. d4 d6 2. Bf4 g6 3. Nc3 Bg7 4. e4 Nc6 5. Bb5 Bd7 6. Nf3 a6 7. Be2 e5 8. Be3
exd4 9. Nxd4 Nf6 10. O-O O-O 11. f3 Qe7 12. Qd2 Rfe8 13. Bf2 Rad8 14. Rfe1 Qf8
15. Be3 Bc8 16. Nd5 Nxd5 17. Nxc6 bxc6 18. exd5 cxd5 19. Bd4 Bxd4+ 20. Qxd4 Qg7
21. Qa7 Qxb2 22. Qxc7 Qd4+ 23. Kf1 Qc5 24. Qxc5 dxc5 25. Red1 Rd6 26. Rd2 Be6
27. Rb1 Red8 28. Rb7 R8d7 29. Rb8+ Rd8 30. Rb7 R8d7 31. Rb8+ Kg7 32. Ra8 c4 33.
Rb8 Rd8 1/2-1/2

[Event "DVM U14 2019"]
[Site "Magdeburg GER"]
[Date "2019.12.28"]
[Round "4"]
[White "Reichmann, Felix"]
[Black "Nourzad, Shayan"]
[Result "1/2-1/2"]
[Termination "normal"]
[Board "5.2"]
[WhiteElo "1791"]
[BlackElo "1782"]
[WhiteTeam "Schachfreunde Nordost Berlin"]
[BlackTeam "SchachAkademiePaderborn e. V."]
[PlyCount "237"]
[WhiteFideId "16238290"]
[BlackFideId "16274890"]
[EventCountry "GER"]
[EventRounds "7"]
[EventType "team-swiss"]
[EventDate "2019.12.26"]

1. c4 Nf6 2. g3 c5 3. Bg2 d5 4. cxd5 Nxd5 5. Nc3 Nc7 6. e3 Nc6 7. Nge2 e6 8.
O-O Be7 9. b3 Bd7 10. Bb2 O-O 11. Rc1 Rc8 12. Ne4 b6 13. d4 cxd4 14. Nxd4 Nd5
15. Nxc6 Bxc6 16. Qd4 f6 17. Bh3 Bd7 18. a3 Kh8 19. b4 e5 20. Qxd5 Bxh3 21.
Qxd8 Rfxd8 22. Rxc8 Rxc8 23. Rc1 Rd8 24. f3 Bf5 25. Kf2 Kg8 26. Ke2 a5 27. Rc7
Kf8 28. Bc3 axb4 29. Bxb4 Bxb4 30. axb4 Bxe4 31. fxe4 Ra8 32. Rc2 Ra4 33. Rb2
Ra3 34. b5 Kf7 35. h3 Kg6 36. Rd2 Rb3 37. Rd5 Kg5 38. Kf3 h5 39. h4+ Kg6 40.
Kf2 Kf7 41. Rd7+ Kf8 42. Rd8+ Ke7 43. Rh8 g6 44. Rh7+ Kf8 45. Rc7 Rxb5 46. Rc6
Rb2+ 47. Ke1 Kg7 48. Rc7+ Kh6 49. Rc6 Rg2 50. Rxb6 Rxg3 51. Rxf6 Rxe3+ 52. Kf2
Rxe4 53. Kg3 Rg4+ 54. Kh3 e4 55. Rf7 Rg1 56. Re7 Re1 57. Kg2 e3 58. Kf3 Rf1+
59. Kg2 Re1 60. Kf3 Rh1 61. Kg3 Rg1+ 62. Kh3 Re1 63. Kg2 e2 64. Kh2 Rf1 65.
Rxe2 Kg7 66. Re3 Kf6 67. Rg3 Kf5 68. Rg5+ Kf6 69. Rg3 Rf2+ 70. Kh3 Rf4 71. Rg5
Rf1 72. Kg2 Rf4 73. Kh3 Re4 74. Rg3 Re6 75. Rg5 Re5 76. Rg3 Rf5 77. Kg2 Kf7 78.
Kh3 Rf6 79. Rg5 Ke6 80. Kg2 Kf7 81. Rg3 Rf5 82. Rg5 Kf6 83. Kg3 Rf1 84. Kg2 Ra1
85. Rg3 Ra2+ 86. Kh3 Ra6 87. Rg5 Ra4 88. Kg3 Rb4 89. Kh3 Rb1 90. Kg2 Rb3 91.
Kh2 Re3 92. Kg2 Re5 93. Rg3 Rd5 94. Kh2 Ra5 95. Rg5 Ra3 96. Kg2 Re3 97. Kh2 Rf3
98. Kg2 Rf4 99. Kh3 Re4 100. Rg3 Re6 101. Rg5 Re1 102. Kg2 Rb1 103. Kh2 Re1
104. Kg2 Re2+ 105. Kh3 Re5 106. Rg3 Rf5 107. Kg2 Rc5 108. Kh2 Rc1 109. Kg2 Rc6
110. Rg5 Re6 111. Kh2 Rd6 112. Kg2 Rd1 113. Rg3 Ra1 114. Kh2 Rc1 115. Kg2 Rc2+
116. Kh3 Rf2 117. Rg5 Rf4 118. Rg3 Re4 119. Rg5 1/2-1/2

[Event "DVM U14 2019"]
[Site "Magdeburg GER"]
[Date "2019.12.28"]
[Round "4"]
[White "Duduka, Artem"]
[Black "Gering, Jakob"]
[Result "1-0"]
[Termination "normal"]
[Board "5.4"]
[WhiteElo "1578"]
[BlackElo "1311"]
[WhiteTeam "Schachfreunde Nordost Berlin"]
[BlackTeam "SchachAkademiePaderborn e. V."]
[PlyCount "89"]
[WhiteFideId "14194805"]
[BlackFideId "16298225"]
[EventCountry "GER"]
[EventRounds "7"]
[EventType "team-swiss"]
[EventDate "2019.12.26"]

1. e4 d6 2. d4 Nf6 3. Nc3 g6 4. Nf3 c6 5. Bg5 Nbd7 6. Bc4 Qc7 7. Bb3 Bg7 8. Qd2
b5 9. a3 Bb7 10. Rb1 a5 11. Qf4 h6 12. Bxf6 Nxf6 13. e5 dxe5 14. Nxe5 O-O 15.
Nxg6 Qxf4 16. Nxf4 Kh8 17. O-O Rad8 18. Rbd1 Ne8 19. Nce2 Nc7 20. c3 e6 21. Ng3
a4 22. Bc2 Kg8 23. Ne4 Nd5 24. Nxd5 cxd5 25. Nc5 Bc6 26. f4 Rd6 27. f5 Re8 28.
fxe6 fxe6 29. Bg6 Re7 30. Rde1 e5 31. Bh5 e4 32. Rf5 Rd8 33. Ref1 Rf8 34. Rxf8+
Bxf8 35. Rf6 Ba8 36. Ne6 Bg7 37. Rg6 Rf7 38. Rxg7+ Rxg7 39. Nxg7 Kxg7 40. Be8
Kf6 41. Kf2 Kg5 42. Ke3 Kf5 43. Bxb5 Kg4 44. Bxa4 h5 45. Bd1+ 1-0

[Event "DVM U14 2019"]
[Site "Magdeburg GER"]
[Date "2019.12.28"]
[Round "4"]
[White "Kalina, Lena"]
[Black "Schröter, Christopher"]
[Result "0-1"]
[Termination "normal"]
[Board "6.1"]
[WhiteElo "1571"]
[BlackElo "1618"]
[WhiteTeam "SC Landskrone"]
[BlackTeam "1. Schachclub Anhalt"]
[PlyCount "96"]
[WhiteFideId "12988014"]
[BlackFideId "16274970"]
[EventCountry "GER"]
[EventRounds "7"]
[EventType "team-swiss"]
[EventDate "2019.12.26"]

1. d4 d5 2. c4 e6 3. Nc3 Nf6 4. cxd5 exd5 5. Bg5 Bb4 6. e3 c6 7. Bd3 Nbd7 8.
Nf3 Qc7 9. O-O Bxc3 10. bxc3 O-O 11. c4 Qa5 12. Qc2 Re8 13. Rab1 Ne4 14. Bf4
Ndf6 15. Ne5 Nd2 16. cxd5 Nxb1 17. Nc4 Qxd5 18. Rxb1 b5 19. Nd6 Rd8 20. Nxc8
Rdxc8 21. a4 a6 22. axb5 cxb5 23. Qb2 Ne4 24. f3 Nc3 25. Ra1 a5 26. Qf2 Qh5 27.
g4 Qd5 28. e4 Qd8 29. d5 b4 30. d6 Qf6 31. Re1 Qxf4 32. e5 Re8 33. d7 Rxe5 34.
Rxe5 Qxe5 35. Qb6 Qe7 36. Bf5 Ne2+ 37. Kf2 Nf4 38. Kg3 Ne6 39. Qb7 Rd8 40. Qb6
Qxd7 41. Qxa5 Qc7+ 42. Qxc7 Nxc7 43. Bc2 Ne6 44. f4 Nc5 45. Kf3 b3 46. Bb1 b2
47. Bc2 Rd2 48. Bb1 Rd1 0-1

[Event "DVM U14 2019"]
[Site "Magdeburg GER"]
[Date "2019.12.28"]
[Round "4"]
[White "Rohde, Niclas"]
[Black "Müller, Maurice-Pascal"]
[Result "1-0"]
[Termination "normal"]
[Board "6.2"]
[WhiteElo "1609"]
[BlackElo "1673"]
[WhiteTeam "1. Schachclub Anhalt"]
[BlackTeam "SC Landskrone"]
[PlyCount "53"]
[WhiteFideId "16230205"]
[BlackFideId "16243340"]
[EventCountry "GER"]
[EventRounds "7"]
[EventType "team-swiss"]
[EventDate "2019.12.26"]

1. e4 c5 2. Nc3 Nc6 3. f4 g6 4. Bc4 Bg7 5. Nf3 e6 6. O-O Nge7 7. Qe1 Nd4 8.
Nxd4 Bxd4+ 9. Kh1 Bg7 10. f5 Nc6 11. Qf2 O-O 12. f6 Bh8 13. Qh4 Ne5 14. d3 d6
15. Bg5 Bd7 16. Rf4 h5 17. h3 Bc6 18. Bxe6 Nd7 19. Bd5 Re8 20. g4 hxg4 21. hxg4
Re5 22. Raf1 Bxf6 23. Bxf6 Nxf6 24. Rxf6 Bxd5 25. Nxd5 Re6 26. g5 Rxf6 27. gxf6
1-0

[Event "DVM U14 2019"]
[Site "Magdeburg GER"]
[Date "2019.12.28"]
[Round "4"]
[White "Behr, Julian"]
[Black "Böhm, Florian"]
[Result "1/2-1/2"]
[Termination "normal"]
[Board "6.3"]
[WhiteElo "1645"]
[BlackElo "1445"]
[WhiteTeam "SC Landskrone"]
[BlackTeam "1. Schachclub Anhalt"]
[PlyCount "115"]
[WhiteFideId "16255410"]
[BlackFideId "16274989"]
[EventCountry "GER"]
[EventRounds "7"]
[EventType "team-swiss"]
[EventDate "2019.12.26"]

1. e4 d5 2. exd5 Qxd5 3. Nc3 Qa5 4. Bc4 Nf6 5. d3 c6 6. Bd2 Qc7 7. Nf3 Bg4 8.
h3 Bh5 9. O-O e6 10. Re1 Bd6 11. a3 O-O 12. Ba2 Nbd7 13. Ne4 Nxe4 14. dxe4 Ne5
15. g4 Bg6 16. Bc3 Rad8 17. Qe2 Nxf3+ 18. Qxf3 Bf4 19. Rad1 e5 20. Kg2 Rxd1 21.
Rxd1 Rd8 22. h4 Rxd1 23. Qxd1 h5 24. gxh5 Bxe4+ 25. f3 Bf5 26. Qe2 Qe7 27. Qf2
e4 28. Qd4 Bh6 29. fxe4 Qxe4+ 30. Qxe4 Bxe4+ 31. Kf2 Bxc2 32. Bd4 a6 33. Bc4 b5
34. Be2 Bc1 35. Bf3 c5 36. Bxc5 Bxb2 37. Ke2 Bc3 38. Bd5 Bf6 39. Kd2 Bf5 40.
Bb7 a5 41. Bc6 b4 42. axb4 axb4 43. Bxb4 Bxh4 44. Bf3 Bg5+ 45. Ke2 Kh7 46. Kf2
Kh6 47. Kg3 Be6 48. Bc3 f5 49. Bd1 Bf7 50. Be5 f4+ 51. Bxf4 Bxf4+ 52. Kxf4 Bxh5
53. Bb3 g5+ 54. Kg3 Kg6 55. Bc2+ Kf6 56. Bb3 Bf7 57. Bc2 Be6 58. Ba4 1/2-1/2

[Event "DVM U14 2019"]
[Site "Magdeburg GER"]
[Date "2019.12.28"]
[Round "4"]
[White "Lautenschläger, Friedrich"]
[Black "Dittenberger, Nico"]
[Result "0-1"]
[Termination "normal"]
[Board "6.4"]
[WhiteElo "1519"]
[BlackElo "1362"]
[WhiteTeam "1. Schachclub Anhalt"]
[BlackTeam "SC Landskrone"]
[PlyCount "116"]
[WhiteFideId "16274997"]
[BlackFideId "12996254"]
[EventCountry "GER"]
[EventRounds "7"]
[EventType "team-swiss"]
[EventDate "2019.12.26"]

1. d4 d5 2. c4 e6 3. Nc3 Nf6 4. Bg5 Be7 5. e3 O-O 6. Nf3 h6 7. Bh4 b6 8. Bd3
Bb7 9. O-O Nbd7 10. a3 c5 11. b3 dxc4 12. Bxc4 Qc7 13. Bg3 Bd6 14. dxc5 Bxg3
15. hxg3 Nxc5 16. Rc1 Rfd8 17. Qe2 Rac8 18. Nb5 Qb8 19. Rfd1 a6 20. Nbd4 b5 21.
Bxb5 axb5 22. Qxb5 Bxf3 23. Qxb8 Rxb8 24. gxf3 Nxb3 25. Nxb3 Rxd1+ 26. Rxd1
Rxb3 27. Rd8+ Kh7 28. a4 Ra3 29. Ra8 Nd5 30. a5 Kg6 31. Kg2 Ra2 32. e4 Ne3+ 33.
Kg1 Nd1 34. a6 Nxf2 35. a7 Nh3+ 36. Kf1 Ng5 37. Rd8 Rxa7 38. Rd3 Ra1+ 39. Ke2
Ra2+ 40. Ke3 Rg2 41. g4 Rg3 42. Kf2 Nxe4+ 43. Ke2 Ng5 44. Kf2 Rxf3+ 45. Rxf3
Nxf3 46. Kxf3 Kg5 47. Kg3 g6 48. Kf3 f5 49. gxf5 gxf5 50. Kg3 e5 51. Kf3 e4+
52. Kg3 e3 53. Kf3 f4 54. Kg2 Kg4 55. Kg1 Kg3 56. Kh1 f3 57. Kg1 e2 58. Kh1
e1=R# 0-1

[Event "DVM U14 2019"]
[Site "Magdeburg GER"]
[Date "2019.12.28"]
[Round "4"]
[White "Toval, David"]
[Black "Jahrke, Jonas"]
[Result "1/2-1/2"]
[Termination "normal"]
[Board "7.1"]
[WhiteElo "1853"]
[BlackElo "1833"]
[WhiteTeam "Schachklub Münster 32 e. V."]
[BlackTeam "SF Katernberg"]
[PlyCount "40"]
[WhiteFideId "12992755"]
[BlackFideId "12984353"]
[EventCountry "GER"]
[EventRounds "7"]
[EventType "team-swiss"]
[EventDate "2019.12.26"]

1. e4 c5 2. Nf3 a6 3. c3 d5 4. exd5 Qxd5 5. d4 e6 6. Bd3 Nf6 7. O-O Nc6 8. Bg5
Be7 9. dxc5 Qxc5 10. Nbd2 O-O 11. Nb3 Qb6 12. Qc2 h6 13. Bh4 Nd5 14. Bg3 Bd7
15. a4 Rac8 16. a5 Qa7 17. Qe2 Rfd8 18. Nfd2 Be8 19. Nc4 Nb8 20. Be4 Bb5
1/2-1/2

[Event "DVM U14 2019"]
[Site "Magdeburg GER"]
[Date "2019.12.28"]
[Round "4"]
[White "Zamhöfer, Luca"]
[Black "Schröder, Lennart"]
[Result "1-0"]
[Termination "normal"]
[Board "7.2"]
[WhiteElo "1724"]
[BlackElo "1863"]
[WhiteTeam "SF Katernberg"]
[BlackTeam "Schachklub Münster 32 e. V."]
[PlyCount "43"]
[WhiteFideId "16216040"]
[BlackFideId "16222490"]
[EventCountry "GER"]
[EventRounds "7"]
[EventType "team-swiss"]
[EventDate "2019.12.26"]

1. e4 c5 2. c3 Nf6 3. e5 Nd5 4. d4 cxd4 5. Nf3 e6 6. cxd4 b6 7. Bc4 Bb7 8. O-O
Na6 9. Qe2 Nac7 10. Nc3 Nxc3 11. bxc3 Be7 12. Bb3 O-O 13. Rd1 f6 14. Bd2 Qe8
15. Bc2 Qh5 16. Be4 Bxe4 17. Qxe4 d5 18. exd6 Bxd6 19. c4 Qg6 20. Qc6 Rad8 21.
c5 bxc5 22. dxc5 1-0

[Event "DVM U14 2019"]
[Site "Magdeburg GER"]
[Date "2019.12.28"]
[Round "4"]
[White "Weidemann, Jakob"]
[Black "Berresheim, Nils"]
[Result "1-0"]
[Termination "normal"]
[Board "7.3"]
[WhiteElo "1565"]
[BlackElo "1509"]
[WhiteTeam "Schachklub Münster 32 e. V."]
[BlackTeam "SF Katernberg"]
[PlyCount "143"]
[WhiteFideId "16255470"]
[BlackFideId "16246306"]
[EventCountry "GER"]
[EventRounds "7"]
[EventType "team-swiss"]
[EventDate "2019.12.26"]

1. e4 e5 2. Nf3 Nc6 3. Bc4 Bc5 4. c3 d6 5. h3 Nf6 6. d3 h6 7. a4 a5 8. O-O O-O
9. Nbd2 Be6 10. Bb3 Re8 11. Re1 Qd7 12. Nf1 d5 13. exd5 Bxd5 14. c4 Bxf3 15.
Qxf3 Rad8 16. Rd1 e4 17. dxe4 Qe6 18. Ng3 Rxd1+ 19. Qxd1 Nxe4 20. Nxe4 Qxe4 21.
Bd2 Rd8 22. Rc1 Bxf2+ 23. Kxf2 Qd3 24. Be3 Qe4 25. Qe2 Nb4 26. Rd1 Rxd1 27.
Bxd1 Qf5+ 28. Qf3 Qe5 29. Qe2 Qf5+ 30. Ke1 Nd3+ 31. Kd2 Nb4 32. b3 Qd7+ 33. Ke1
Qf5 34. Qd2 Qe4 35. Bf3 Qe7 36. Kf2 Qh4+ 37. Ke2 Qe7 38. Qc3 Qe6 39. Qd4 Qe7
40. Kf2 b6 41. Qe4 Qd7 42. Ke2 Na2 43. Bd2 g6 44. Qc2 Qe7+ 45. Kd1 Nb4 46. Bxb4
Qxb4 47. Kc1 Qe7 48. Kb2 Qe5+ 49. Ka2 Kg7 50. Qb2 Qxb2+ 51. Kxb2 Kf6 52. Kc3
Ke5 53. Kd3 f5 54. g3 h5 55. h4 c5 56. Ke3 f4+ 57. gxf4+ Kf5 58. Be4+ Kg4 59.
Bxg6 Kxh4 60. Kf3 b5 61. axb5 a4 62. bxa4 Kh3 63. Bxh5 Kh2 64. b6 Kg1 65. b7
Kf1 66. b8=Q Ke1 67. Qe8+ Kd1 68. Qe2+ Kc1 69. Ke3 Kb1 70. Kd3 Ka1 71. Kc3 Kb1
72. Qb2# 1-0

[Event "DVM U14 2019"]
[Site "Magdeburg GER"]
[Date "2019.12.28"]
[Round "4"]
[White "Rasch, Lukas"]
[Black "Tenbosch, Till Theo"]
[Result "1-0"]
[Termination "normal"]
[Board "7.4"]
[WhiteElo "1596"]
[BlackElo "1268"]
[WhiteTeam "SF Katernberg"]
[BlackTeam "Schachklub Münster 32 e. V."]
[PlyCount "59"]
[WhiteFideId "16272072"]
[BlackFideId "16255461"]
[EventCountry "GER"]
[EventRounds "7"]
[EventType "team-swiss"]
[EventDate "2019.12.26"]

1. b3 d5 2. Bb2 Bf5 3. e3 e6 4. f4 Nf6 5. Bd3 Bd6 6. Bxf5 exf5 7. Nf3 Qe7 8.
O-O O-O 9. Nc3 c6 10. Qe1 Ne4 11. Ne2 Nd7 12. Ng3 Qe6 13. Nd4 Qg6 14. Ndxf5 Bb4
15. a3 Bd6 16. d3 Nxg3 17. Qxg3 Qxg3 18. hxg3 Bc5 19. b4 Bb6 20. Rae1 Rfe8 21.
Kf2 Nf6 22. Nh6+ Kf8 23. g4 Re6 24. g5 Nh5 25. Nf5 Nxf4 26. Bxg7+ Kg8 27. Bd4
Ng6 28. Kg3 Rae8 29. Nh6+ Kf8 30. Rxf7# 1-0

[Event "DVM U14 2019"]
[Site "Magdeburg GER"]
[Date "2019.12.28"]
[Round "4"]
[White "Hetzner, Hannes"]
[Black "Günther, Fabian"]
[Result "1-0"]
[Termination "normal"]
[Board "8.1"]
[WhiteElo "2000"]
[BlackElo "1499"]
[WhiteTeam "SC Erlangen 48/88"]
[BlackTeam "USV TU Dresden"]
[PlyCount "81"]
[WhiteFideId "16211936"]
[BlackFideId "16240294"]
[EventCountry "GER"]
[EventRounds "7"]
[EventType "team-swiss"]
[EventDate "2019.12.26"]

1. e4 c5 2. Nf3 Nc6 3. d4 cxd4 4. Nxd4 e5 5. Nb5 d6 6. N1c3 a6 7. Na3 Nf6 8.
Bg5 Be7 9. Nc4 b5 10. Bxf6 gxf6 11. Ne3 Be6 12. Ncd5 Rb8 13. Qd2 Qd7 14. Bd3
O-O 15. O-O Rfd8 16. c3 Kg7 17. Qe2 Bf8 18. Kh1 Ne7 19. Qf3 Ng8 20. Rg1 Be7 21.
Qe2 Nh6 22. f4 Bxd5 23. Nxd5 Bf8 24. Raf1 Ng8 25. Qh5 Nh6 26. f5 Re8 27. Rf3
Qd8 28. g4 Kh8 29. h4 Rb7 30. Rh3 Ng8 31. g5 Bg7 32. Rhg3 Rf8 33. Qf3 fxg5 34.
hxg5 f6 35. g6 hxg6 36. Rxg6 Nh6 37. Kg2 Rg8 38. Kf1 Bf8 39. Nxf6 Rxg6 40. Rxg6
Rg7 41. Rxh6+ 1-0

[Event "DVM U14 2019"]
[Site "Magdeburg GER"]
[Date "2019.12.28"]
[Round "4"]
[White "Döge, Wolf-Peter"]
[Black "Wu, Wilfried"]
[Result "1-0"]
[Termination "normal"]
[Board "8.2"]
[WhiteElo "1530"]
[BlackElo "1476"]
[WhiteTeam "USV TU Dresden"]
[BlackTeam "SC Erlangen 48/88"]
[PlyCount "131"]
[WhiteFideId "16281829"]
[BlackFideId "16260775"]
[EventCountry "GER"]
[EventRounds "7"]
[EventType "team-swiss"]
[EventDate "2019.12.26"]

1. e4 e5 2. Nf3 Nc6 3. Bb5 a6 4. Ba4 Bc5 5. Nxe5 Nxe5 6. d4 Bd6 7. dxe5 Bxe5 8.
O-O Ne7 9. Nd2 O-O 10. Nf3 Bd6 11. c3 Ng6 12. Re1 Re8 13. Bb3 Bf4 14. Bxf4 Nxf4
15. Qd2 Ng6 16. Rad1 d6 17. h3 Ne5 18. Nxe5 Rxe5 19. f4 Re8 20. e5 Bf5 21. exd6
Rxe1+ 22. Qxe1 cxd6 23. g4 Bc8 24. Qd2 Qb6+ 25. Qd4 Qxd4+ 26. Rxd4 Bd7 27. Rxd6
Bc6 28. Bd5 Bxd5 29. Rxd5 Kf8 30. Kf2 Ke7 31. Ke3 Rc8 32. Kd3 Rc6 33. Rh5 h6
34. Rd5 b5 35. b3 Ke6 36. c4 Rb6 37. Re5+ Kd7 38. cxb5 axb5 39. Kd4 Ra6 40.
Rxb5 Rxa2 41. Rc5 Rf2 42. f5 Rh2 43. Rc3 Rb2 44. Rd3 Kc6 45. Kc3 Rb1 46. Kc2
Rg1 47. Rc3+ Kd6 48. b4 Rg2+ 49. Kb3 Re2 50. Kc4 Re4+ 51. Kb5 h5 52. Rg3 Re5+
53. Kb6 g6 54. fxg6 fxg6 55. b5 Re1 56. gxh5 gxh5 57. Rg5 Re8 58. Rxh5 Rb8+ 59.
Ka6 Ke7 60. Rh7+ Kd6 61. b6 Kc6 62. b7 Rf8 63. Ka7 Rf1 64. Rh6+ Kd7 65. b8=Q
Ra1+ 66. Ra6 1-0

[Event "DVM U14 2019"]
[Site "Magdeburg GER"]
[Date "2019.12.28"]
[Round "4"]
[White "Gilbert, Tim"]
[Black "Andreas, Bruno"]
[Result "1-0"]
[Termination "normal"]
[Board "8.3"]
[WhiteElo "1660"]
[BlackElo "1447"]
[WhiteTeam "SC Erlangen 48/88"]
[BlackTeam "USV TU Dresden"]
[PlyCount "61"]
[WhiteFideId "16269527"]
[BlackFideId "16274210"]
[EventCountry "GER"]
[EventRounds "7"]
[EventType "team-swiss"]
[EventDate "2019.12.26"]

1. e4 c5 2. Nf3 e6 3. d4 cxd4 4. Nxd4 a6 5. Nc3 Qc7 6. Be3 Bb4 7. Qd2 Nf6 8.
Bd3 d5 9. f3 e5 10. exd5 exd4 11. Bxd4 Qe7+ 12. Kf2 O-O 13. Rhe1 Qd6 14. Be5
Qc5+ 15. Kf1 Nbd7 16. Bd4 Bxc3 17. Bxc3 Qxd5 18. Rad1 b5 19. Re7 Bb7 20. Qf4
Kh8 21. Rd2 Qc6 22. Bf5 Nd5 23. Rxd5 Qxd5 24. Qg5 Nf6 25. Bxf6 gxf6 26. Qxf6+
Kg8 27. Qg5+ Kh8 28. Qh5 Qxf5 29. Qxf5 Bc8 30. Qf6+ Kg8 31. Re5 1-0

[Event "DVM U14 2019"]
[Site "Magdeburg GER"]
[Date "2019.12.28"]
[Round "4"]
[White "Posselt, Daniel"]
[Black "Walders, Marc"]
[Result "0-1"]
[Termination "normal"]
[Board "8.4"]
[WhiteElo "1289"]
[BlackElo "1819"]
[WhiteTeam "USV TU Dresden"]
[BlackTeam "SC Erlangen 48/88"]
[PlyCount "58"]
[WhiteFideId "16298241"]
[BlackFideId "16291905"]
[EventCountry "GER"]
[EventRounds "7"]
[EventType "team-swiss"]
[EventDate "2019.12.26"]

1. e4 e6 2. d4 d5 3. exd5 exd5 4. Nf3 Nc6 5. Be2 Bd6 6. O-O Nge7 7. b3 Bf5 8.
Bb2 Qd7 9. Re1 O-O-O 10. a3 f6 11. Nbd2 g5 12. Nf1 h5 13. Rc1 h4 14. h3 g4 15.
hxg4 Bxg4 16. N3h2 Bxe2 17. Qxe2 Rdg8 18. Qf3 Rg6 19. Ne3 h3 20. g3 f5 21. Nxd5
Nxd5 22. Qxd5 f4 23. Qe4 Rhg8 24. g4 f3 25. Qxf3 Bxh2+ 26. Kxh2 Rxg4 27. Rg1
Rg2+ 28. Rxg2 hxg2 29. Rg1 Qd6+ 0-1

[Event "DVM U14 2019"]
[Site "Magdeburg GER"]
[Date "2019.12.28"]
[Round "4"]
[White "Zwecker, Hagen"]
[Black "Kraftsik, Christian"]
[Result "1/2-1/2"]
[Termination "normal"]
[Board "9.1"]
[WhiteElo "1480"]
[BlackElo "1850"]
[WhiteTeam "SV 1947 Walldorf"]
[BlackTeam "Schach-Club Vaterstetten-Grasbrunn"]
[PlyCount "87"]
[WhiteFideId "12991007"]
[BlackFideId "16242548"]
[EventCountry "GER"]
[EventRounds "7"]
[EventType "team-swiss"]
[EventDate "2019.12.26"]

1. e4 e5 2. Nf3 Nc6 3. Bc4 Bc5 4. O-O d6 5. c3 Nf6 6. Re1 O-O 7. d4 exd4 8.
cxd4 Bb4 9. Nc3 Bxc3 10. bxc3 d5 11. exd5 Na5 12. Bb3 Nxb3 13. Qxb3 Qxd5 14.
Qxd5 Nxd5 15. Ba3 Rd8 16. c4 Nb6 17. Nd2 Bf5 18. d5 Re8 19. Bc5 Bd3 20. Bxb6
axb6 21. Re3 Rxe3 22. fxe3 Ra4 23. Kf2 Bxc4 24. Nxc4 Rxc4 25. Kf3 Kf8 26. e4
Ke7 27. g3 f6 28. Ke3 Rc2 29. h4 Rc3+ 30. Kf4 Kd6 31. g4 Rh3 32. h5 Rd3 33. g5
fxg5+ 34. Kxg5 Rg3+ 35. Kf4 Rg2 36. a3 Rf2+ 37. Kg3 Rf7 38. Rb1 Ke5 39. Rb4 c6
40. dxc6 bxc6 41. Rxb6 c5 42. Rc6 Kxe4 43. Rxc5 Rf3+ 44. Kh4 1/2-1/2